[Event "21e tournoi 1hKO"]
[Site "Montigny le Bretonneux"]
[Date "2017.05.25"]
[Round "1.1"]
[White "Marchal, Gregory"]
[Black "Hogrel, Nicolas"]
[Result "0-1"]
[WhiteElo "1500"]
[BlackElo "2008"]
[Annotator "Rivier,Sylvain"]
[PlyCount "76"]
[EventDate "2017.??.??"]
[WhiteTeam "Club d'Echecs du Vesinet"]
[BlackTeam "La Dame Noire"]

{Ouverture du pion dame} 1. d4 Nf6 2. Bf4 c5 3. e3 Qb6 4. b3 g6 5. Nf3 Bg7 6.
h3 O-O 7. c3 cxd4 8. exd4 d5 9. Bd3 Nc6 10. O-O Bd7 11. Ne5 Rac8 12. Re1 e6 13.
Nxc6 Bxc6 14. Be5 Bb5 15. Bc2 a5 16. Qf3 Nd7 17. Bxg7 Kxg7 18. h4 Qd6 19. Bd3
Bxd3 20. Qxd3 Nf6 21. Nd2 Rfd8 22. Rac1 h5 23. g3 Rc7 24. Nf3 Ne4 25. c4 b6 26.
cxd5 exd5 27. Ne5 Rdc8 28. Rxc7 Rxc7 29. Kg2 Qb4 30. Re3 Rc3 31. Qe2 Qxd4 32.
Nf3 Rxe3 33. fxe3 Qc3 34. Nd4 Qd2 35. Qxd2 Nxd2 36. Kf2 Kf6 37. Ke2 Ne4 38. Kf3
g5 0-1

[Event "21e tournoi 1hKO"]
[Site "Montigny le Bretonneux"]
[Date "2017.05.25"]
[Round "1.2"]
[White "Talvard, Gerard"]
[Black "Benbakir, Ameur"]
[Result "1/2-1/2"]
[WhiteElo "2002"]
[BlackElo "1486"]
[Annotator "Rivier,Sylvain"]
[PlyCount "52"]
[EventDate "2017.??.??"]
[WhiteTeam "Echiquier Grenoblois"]
[BlackTeam "La Dame Noire"]

{Défense néo-Grünfeld} 1. Nf3 Nf6 2. g3 g6 3. Bg2 Bg7 4. d4 d5 5. O-O O-O 6.
c4 dxc4 7. Na3 Be6 8. Ng5 Bd5 9. e4 Bc6 10. d5 Be8 11. Nxc4 h6 12. Nh3 Bb5 13.
Qb3 Qd7 14. Nf4 g5 15. Nd3 c6 16. dxc6 Bxc6 17. Nde5 Qc7 18. Nxc6 Nxc6 19. Be3
Rad8 20. Rac1 Ng4 21. h3 Nxe3 22. Nxe3 e6 23. Rfd1 Rxd1+ 24. Nxd1 Rd8 25. Ne3
Qe7 26. Rd1 Rxd1+ 1/2-1/2

[Event "21e tournoi 1hKO"]
[Site "Montigny le Bretonneux"]
[Date "2017.05.25"]
[Round "1.3"]
[White "Sagon, Lancelot"]
[Black "Forissier, Nicolas"]
[Result "0-1"]
[WhiteElo "1449"]
[BlackElo "1985"]
[Annotator "Rivier,Sylvain"]
[PlyCount "104"]
[EventDate "2017.??.??"]
[WhiteTeam "La Dame Noire"]
[BlackTeam "La Dame Noire"]

{Partie italienne} 1. e4 e5 2. Nf3 Nc6 3. Bc4 Bc5 4. O-O Nf6 5. Nxe5 Nxe5 6. d4
Nxc4 7. dxc5 d6 8. Qd4 Ne5 9. f4 Nc6 10. Qc4 O-O 11. Nc3 dxc5 12. Qxc5 Qd4+ 13.
Be3 Qxc5 14. Bxc5 Rd8 15. e5 Nd5 16. Ne4 Bf5 17. Rae1 b6 18. Ba3 Ndb4 19. c3
Nc2 20. Re2 Nxa3 21. bxa3 Rd3 22. Ng3 Rxg3 23. hxg3 Bd3 24. Rfe1 Bxe2 25. Rxe2
Kf8 26. Kf2 Rd8 27. g4 Rd3 28. Rc2 Na5 29. f5 Nc4 30. f6 Nxe5 31. fxg7+ Kxg7
32. c4 Nxg4+ 33. Ke2 Rg3 34. Ke1 Rxa3 35. c5 Ne3 36. Rc1 Rxa2 37. cxb6 cxb6 38.
g3 Ra1 39. Rxa1 Nc2+ 40. Kd2 Nxa1 41. Kc3 Kg6 42. Kb2 Kf5 43. Kxa1 Kg4 44. Kb2
Kxg3 45. Kb3 f5 46. Kb4 f4 47. Kb5 f3 48. Ka4 f2 49. Kb4 f1=Q 50. Ka4 Qb1 51.
Ka3 a5 52. Ka4 Qb4# 0-1

[Event "21e tournoi 1hKO"]
[Site "Montigny le Bretonneux"]
[Date "2017.05.25"]
[Round "1.4"]
[White "Tornare, Michel"]
[Black "Bouloc, Roger"]
[Result "1-0"]
[WhiteElo "1835"]
[BlackElo "1446"]
[Annotator "Rivier,Sylvain"]
[PlyCount "41"]
[EventDate "2017.??.??"]
[WhiteTeam "C.S.M. Puteaux Echecs"]
[BlackTeam "La Dame Noire"]

{Ouverture anglaise} 1. Nf3 Nc6 2. d4 e6 3. c4 Bb4+ 4. Bd2 Nf6 5. Bxb4 Nxb4 6.
a3 Nc6 7. Nc3 d5 8. e3 O-O 9. Bd3 Re8 10. O-O a6 11. Qc2 dxc4 12. Bxc4 Nd5 13.
Ne4 h6 14. Rfd1 Bd7 15. Rac1 Qe7 16. Nc5 Rab8 17. b4 b5 18. Bxd5 exd5 19. Nxd7
Qxd7 20. Qxc6 Qxc6 21. Rxc6 1-0

[Event "21e tournoi 1hKO"]
[Site "Montigny le Bretonneux"]
[Date "2017.05.25"]
[Round "1.5"]
[White "Sondermeijer, Antoine"]
[Black "Benbakir, Chouaib"]
[Result "0-1"]
[WhiteElo "1399"]
[BlackElo "1809"]
[Annotator "Rivier,Sylvain"]
[PlyCount "72"]
[EventDate "2017.??.??"]
[WhiteTeam "La Dame Noire"]
[BlackTeam "La Dame Noire"]

{Ouverture anglaise, variante sicilienne fermée inversée} 1. c4 Nf6 2. Nf3 g6
3. g3 Bg7 4. Bg2 O-O 5. O-O d6 6. d3 Nc6 7. Nc3 e5 8. Bd2 Be6 9. Ng5 Bd7 10.
Rb1 h6 11. Nf3 Ne7 12. Qc1 Kh7 13. b4 c6 14. a4 Nh5 15. b5 f5 16. e4 f4 17. Qa3
Be6 18. bxc6 bxc6 19. a5 a6 20. Na4 fxg3 21. fxg3 c5 22. Nb6 Ra7 23. Qc1 Nc6
24. Qe1 Raf7 25. Bg5 hxg5 26. Rb2 g4 27. Nd2 Nd4 28. Qb1 Bh6 29. Nb3 Rxf1+ 30.
Bxf1 Be3+ 31. Kh1 Qf6 32. Bg2 Nxb3 33. Rxb3 Bd4 34. Qd1 Qg5 35. Ra3 Nxg3+ 36.
hxg3 Qh5+ 0-1

[Event "21e tournoi 1hKO"]
[Site "Montigny le Bretonneux"]
[Date "2017.05.25"]
[Round "1.6"]
[White "Artieres, Michel"]
[Black "Colette, Thierry"]
[Result "0-1"]
[WhiteElo "1753"]
[BlackElo "1371"]
[Annotator "Rivier,Sylvain"]
[PlyCount "77"]
[EventDate "2017.??.??"]
[WhiteTeam "La Dame Noire"]
[BlackTeam "La Dame Noire"]

1. e4 e5 2. Nf3 Nc6 3. Bb5 d6 4. c3 Bd7 5. O-O Nf6 6. Qe2 a6 7. Ba4 Ne7 8. Bb3
h6 9. d4 Ng6 10. Rd1 Be7 11. Be3 O-O 12. Nbd2 Qc8 13. Nf1 Bg4 14. Ng3 Nh4 15.
Rd3 Bxf3 16. Qd2 Bxg2 17. Bxh6 Nxe4 18. Nxe4 Bf3 19. Rxf3 Nxf3+ 20. Kf1 Nxd2+
21. Bxd2 Qh3+ 22. Kg1 Qg4+ 23. Ng3 Bg5 24. Bd1 Qh4 25. Be1 Bf4 26. Bf3 g6 27.
Bg2 Bxg3 28. fxg3 Qh7 29. Rd1 exd4 30. Rxd4 Rae8 31. Bf2 Re5 32. Rh4 Qg7 33.
Bd4 Re1+ 34. Kf2 f6 35. Bd5+ Rf7 36. Kxe1 g5 37. Re4 Qh6 38. h4 gxh4 39. Rg4+ {
suite non notée} 0-1

[Event "21e tournoi 1hKO"]
[Site "Montigny le Bretonneux"]
[Date "2017.05.25"]
[Round "1.7"]
[White "Le Doussal, Steven"]
[Black "Delpech, Olivier"]
[Result "0-1"]
[WhiteElo "1353"]
[BlackElo "1660"]
[Annotator "Rivier,Sylvain"]
[PlyCount "88"]
[EventDate "2017.??.??"]
[WhiteTeam "La Dame Noire"]
[BlackTeam "La Dame Noire"]

{Défense hollandaise} 1. d4 f5 2. Nf3 Nf6 3. c4 g6 4. b3 Bg7 5. Bb2 O-O 6. e3
d6 7. Be2 Nbd7 8. O-O Re8 9. Ng5 e5 10. Ne6 Rxe6 11. d5 Re8 12. Nd2 c6 13. Nf3
cxd5 14. cxd5 Nc5 15. Ng5 h6 16. Nf3 a6 17. Nh4 Kh7 18. Nf3 b5 19. Rc1 Bb7 20.
b4 Na4 21. Ba1 Nxd5 22. a3 Rc8 23. Qb3 Qd7 24. Rfd1 Rxc1 25. Rxc1 Nf6 26. Rd1
Rc8 27. h3 Qe7 28. Nd2 Nd5 29. Re1 Qg5 30. Nf3 Qe7 31. Nd2 Ndc3 32. f3 Bd5 33.
Bc4 Bxc4 34. Nxc4 Rxc4 35. Kf1 Qc7 36. Qc2 Ne4 37. Qd3 Nf6 38. f4 Rc1 39. fxe5
Rxe1+ 40. Kxe1 dxe5 41. Qd1 Ne4 42. Qb1 Qc4 43. Bxe5 Bxe5 44. Qd1 Bc3+ 0-1

[Event "21e tournoi 1hKO"]
[Site "Montigny le Bretonneux"]
[Date "2017.05.25"]
[Round "1.8"]
[White "Privat, Jean-Claude"]
[Black "Montay, Jean-Paul"]
[Result "1/2-1/2"]
[WhiteElo "1633"]
[BlackElo "1343"]
[Annotator "Rivier,Sylvain"]
[PlyCount "61"]
[EventDate "2017.??.??"]
[WhiteTeam "La Dame Noire"]
[BlackTeam "La Dame Noire"]

{Gambit dame} 1. d4 d5 2. c4 e6 3. Nc3 Nf6 4. Bg5 Bb4 5. e3 c6 6. Qb3 Be7 7.
Nf3 O-O 8. Bd3 Nbd7 9. O-O c5 10. cxd5 cxd4 11. exd4 Nb6 12. Rac1 Nbxd5 13.
Nxd5 Nxd5 14. Bxe7 Qxe7 15. Rfe1 Qb4 16. Qc2 h6 17. a3 Qd6 18. Qd2 Bd7 19. Ne5
Nf6 20. Nxd7 Qxd7 21. Qf4 Rac8 22. Bb1 Nd5 23. Qe4 Nf6 24. Qd3 Rxc1 25. Rxc1
Rc8 26. Rd1 e5 27. Qf5 Qxf5 28. Bxf5 Rd8 29. d5 Rxd5 30. Rxd5 Nxd5 31. Bc8
1/2-1/2

[Event "21e tournoi 1hKO"]
[Site "Montigny le Bretonneux"]
[Date "2017.05.25"]
[Round "1.9"]
[White "Sondermeijer, Damien"]
[Black "Couradin, Jean-Marie"]
[Result "1/2-1/2"]
[WhiteElo "1297"]
[BlackElo "1624"]
[Annotator "Rivier,Sylvain"]
[PlyCount "82"]
[EventDate "2017.??.??"]
[WhiteTeam "La Dame Noire"]
[BlackTeam "La Dame Noire"]

{Partie du pion dame} 1. Nf3 Nf6 2. g3 d5 3. Bg2 Bf5 4. d4 c6 5. Nbd2 Nbd7 6.
c4 e6 7. Qb3 Rb8 8. O-O Bd6 9. Re1 O-O 10. Nh4 Bg6 11. e4 dxe4 12. Nxe4 Bxe4
13. Bxe4 Nxe4 14. Rxe4 Nf6 15. Re1 Qa5 16. Be3 Bb4 17. Red1 Rfd8 18. Bf4 Bd6
19. Bxd6 Rxd6 20. Nf3 Qh5 21. Qe3 Rbd8 22. Rd3 c5 23. Qe5 Qxe5 24. Nxe5 Rxd4
25. Rad1 Ne8 26. Rxd4 cxd4 27. Nf3 d3 28. Ne5 d2 29. Nf3 Nf6 30. Rxd2 Rxd2 31.
Nxd2 Kf8 32. Kg2 Ke7 33. Kf3 Kd6 34. Ne4+ Nxe4 35. Kxe4 f5+ 36. Kd4 e5+ 37. Kc3
a5 38. a3 g5 39. b4 axb4+ 40. axb4 h5 41. Kd3 b6 1/2-1/2

[Event "21e tournoi 1hKO"]
[Site "Montigny le Bretonneux"]
[Date "2017.05.25"]
[Round "1.10"]
[White "Suinot, Laurent"]
[Black "Tanchoux, Pierre"]
[Result "1-0"]
[WhiteElo "1623"]
[BlackElo "1274"]
[Annotator "Rivier,Sylvain"]
[PlyCount "79"]
[EventDate "2017.??.??"]
[WhiteTeam "Villepreux "]
[BlackTeam "La Dame Noire"]

{Ouverture anglaise, variante symétrique} 1. c4 c5 2. Nc3 Nc6 3. e3 d6 4. g3
e6 5. Bg2 Nf6 6. Nge2 d5 7. cxd5 exd5 8. d4 cxd4 9. Nxd4 Nxd4 10. Qxd4 Be6 11.
O-O a6 12. Rd1 Rc8 13. Nxd5 Bc5 14. Nxf6+ gxf6 15. Qxd8+ Rxd8 16. Rxd8+ Kxd8
17. Bxb7 a5 18. Bd2 Bb6 19. Bc3 Ke7 20. Rd1 Rd8 21. Rxd8 Bxd8 22. a3 f5 23. Kg2
Kd6 24. b4 axb4 25. Bxb4+ Kc7 26. Ba6 Bd5+ 27. f3 Kb6 28. Bd3 Be6 29. Kf2 h5
30. e4 fxe4 31. Bxe4 f5 32. Bd3 Bf6 33. Ke3 Bg5+ 34. Kf2 Bf6 35. Be2 h4 36. g4
Bd4+ 37. Kg2 fxg4 38. fxg4 Bd5+ 39. Bf3 Bf6 40. Bxd5 1-0

[Event "21e tournoi 1hKO"]
[Site "Montigny le Bretonneux"]
[Date "2017.05.25"]
[Round "1.11"]
[White "Payot, Guillaume"]
[Black "Trevisiol, Thierry"]
[Result "0-1"]
[WhiteElo "1273"]
[BlackElo "1611"]
[Annotator "Rivier,Sylvain"]
[PlyCount "66"]
[EventDate "2017.??.??"]
[WhiteTeam "La Dame Noire"]
[BlackTeam "Maubuee-Gondoire Echecs"]

{Gambit dame} 1. d4 d5 2. c4 Bf5 3. Nc3 e6 4. Bf4 Bd6 5. Bxd6 Qxd6 6. e3 Nd7 7.
Nf3 c6 8. c5 Qc7 9. Be2 h6 10. b4 Ngf6 11. a4 O-O 12. b5 Ne4 13. Qb3 e5 14. O-O
Bg4 15. a5 Bxf3 16. Bxf3 Nd2 17. Qb4 Nxf1 18. b6 axb6 19. axb6 Qb8 20. Rxf1
exd4 21. exd4 Qf4 22. Ne2 Qg5 23. Qb3 Rfe8 24. Qd3 Nf8 25. Ng3 Ra4 26. Nf5 Ne6
27. Rd1 Qf6 28. Rd2 Nxd4 29. Ne3 Nxf3+ 30. gxf3 Qxf3 31. Re2 Ra1+ 32. Nf1 Rxf1+
33. Kxf1 Qh1# 0-1

[Event "21e tournoi 1hKO"]
[Site "Montigny le Bretonneux"]
[Date "2017.05.25"]
[Round "1.12"]
[White "Branson, James"]
[Black "Trevisiol, Antoine"]
[Result "1-0"]
[WhiteElo "1564"]
[BlackElo "1194"]
[Annotator "Rivier,Sylvain"]
[PlyCount "63"]
[EventDate "2017.??.??"]
[WhiteTeam "La Dame Noire"]
[BlackTeam "Maubuee-Gondoire Echecs"]

{Défense française, variante Tarrasch ouverte} 1. e4 e6 2. d4 d5 3. Nd2 c5 4.
c3 Nc6 5. Ngf3 cxd4 6. cxd4 Bb4 7. exd5 Qxd5 8. a3 Qe4+ 9. Be2 Bxd2+ 10. Qxd2
Nf6 11. O-O O-O 12. Bc4 Qg6 13. Bd3 Qg4 14. h3 Qh5 15. Qf4 Nd5 16. Qg3 Rd8 17.
Be3 Nxe3 18. fxe3 Qh6 19. Ng5 f6 20. Nxh7 Kh8 21. Rf4 Rd5 22. Rh4 Rh5 23. Rxh5
Qxh5 24. Bg6 Qh6 25. Rf1 e5 26. dxe5 Nxe5 27. Be4 Qh5 28. Rf4 Be6 29. Rh4 Qd1+
30. Kh2 g6 31. Nxf6+ Kg7 32. Qxe5 1-0

[Event "21e tournoi 1hKO"]
[Site "Montigny le Bretonneux"]
[Date "2017.05.25"]
[Round "1.13"]
[White "Carbonero, Jean Marc"]
[Black "Charron, Thomas"]
[Result "0-1"]
[WhiteElo "1136"]
[BlackElo "1550"]
[Annotator "Rivier,Sylvain"]
[PlyCount "84"]
[EventDate "2017.??.??"]
[WhiteTeam "Saint-Quentin en Yvelines"]
[BlackTeam "Club d'Echecs du Vesinet"]

{Partie espagnole, variante d'échange} 1. e4 e5 2. Nf3 Nc6 3. Bb5 a6 4. Bxc6
dxc6 5. O-O Bd6 6. Re1 Bg4 7. Nc3 Ne7 8. d3 O-O 9. h3 Be6 10. d4 exd4 11. Nxd4
Bc5 12. Be3 Bb4 13. Nxe6 fxe6 14. a3 Bxc3 15. bxc3 Ng6 16. Qg4 Qf6 17. Qg3 Rac8
18. Bd4 e5 19. Bc5 Rf7 20. Be3 Rcf8 21. Bc5 Re8 22. Be3 Nf4 23. f3 Re6 24. Rad1
Qe7 25. a4 Rg6 26. Qh2 Rxg2+ 27. Qxg2 Nxg2 28. Kxg2 Qf6 29. Rf1 Qg6+ 30. Kh2 h6
31. Rg1 Qe6 32. Rg3 Kh7 33. Rdg1 Qa2 34. Rg4 Qxc2+ 35. R1g2 Qxc3 36. Bd2 Qxf3
37. R4g3 Qxe4 38. Rg4 Qd5 39. Be3 e4 40. Rd2 Qe5+ 41. Rg3 Rf3 42. Rdg2 Rxe3 0-1

[Event "21e tournoi 1hKO"]
[Site "Montigny le Bretonneux"]
[Date "2017.05.25"]
[Round "1.14"]
[White "Couradin, Bruno"]
[Black "Vo, Bao Nam"]
[Result "1-0"]
[WhiteElo "1550"]
[BlackElo "1110"]
[Annotator "Rivier,Sylvain"]
[PlyCount "97"]
[EventDate "2017.??.??"]
[WhiteTeam "La Dame Noire"]
[BlackTeam "La Dame Noire"]

{Défense des deux cavaliers} 1. e4 e5 2. Bc4 Nf6 3. Nc3 Nc6 4. a3 Bc5 5. Nf3
d6 6. h3 O-O 7. d3 Be6 8. Bg5 Bd4 9. Nxd4 exd4 10. Nd5 Bxd5 11. Bxd5 Qe7 12.
Bxc6 bxc6 13. Qf3 Qe5 14. Bxf6 Qxf6 15. Qxf6 gxf6 16. f4 Rae8 17. O-O d5 18.
exd5 cxd5 19. Rfe1 c5 20. Rxe8 Rxe8 21. Kf2 c4 22. dxc4 dxc4 23. Rd1 Re4 24. g3
f5 25. Re1 c3 26. bxc3 dxc3 27. Rxe4 fxe4 28. Ke3 f5 29. g4 fxg4 30. hxg4 Kg7
31. Kxe4 Kf6 32. Kd4 Kg6 33. Kxc3 h5 34. gxh5+ Kxh5 35. Kd4 Kg4 36. Ke5 a5 37.
c4 Kf3 38. f5 Ke3 39. f6 Kd3 40. c5 Kc4 41. c6 Kb3 42. f7 Kxa3 43. f8=Q+ Kb3
44. c7 a4 45. c8=Q a3 46. Qf3+ Kb2 47. Qcc3+ Ka2 48. Qc2+ Ka1 49. Qf1# 1-0

[Event "21e tournoi 1hKO"]
[Site "Montigny le Bretonneux"]
[Date "2017.05.25"]
[Round "1.15"]
[White "Marchal, Madeleine"]
[Black "Rivier, Sylvain"]
[Result "0-1"]
[WhiteElo "1070"]
[BlackElo "1532"]
[Annotator "Rivier,Sylvain"]
[PlyCount "50"]
[EventDate "2017.??.??"]
[WhiteTeam "Club d'Echecs du Vesinet"]
[BlackTeam "La Dame Noire"]

{Défense française, variante d'avance} 1. d4 e6 2. e4 d5 3. e5 c5 4. dxc5
Bxc5 5. Nf3 Nc6 6. Bg5 Nge7 7. Bb5 Bd7 8. O-O O-O 9. Bxe7 Nxe7 10. Bxd7 Qxd7
11. Nc3 Rac8 12. Re1 Nf5 13. Re2 Rc7 14. Rd2 Rfc8 15. Nxd5 exd5 16. Rxd5 Qe7
17. Qd3 g6 18. Rd1 h5 19. Qe2 Bb6 20. R1d3 Rxc2 21. Qd1 Rc1 22. Qxc1 Rxc1+ 23.
Rd1 Rxd1+ 24. Rxd1 Qc5 25. Rf1 Nd4 0-1

[Event "21e tournoi 1hKO"]
[Site "Montigny le Bretonneux"]
[Date "2017.05.25"]
[Round "1.16"]
[White "Fasquelle, Cedric"]
[Black "Zareli, Youssef"]
[Result "1-0"]
[WhiteElo "1517"]
[BlackElo "1009"]
[Annotator "Rivier,Sylvain"]
[PlyCount "43"]
[EventDate "2017.??.??"]
[WhiteTeam "Saint-Quentin en Yvelines"]
[BlackTeam "La Dame Noire"]

{Gambit du roi} 1. e4 e5 2. f4 d6 3. Nf3 Nc6 4. Bc4 Be6 5. Bxe6 fxe6 6. O-O Nf6
7. d3 d5 8. fxe5 Ng4 9. Ng5 Bc5+ 10. Kh1 Ncxe5 11. d4 Bb4 12. dxe5 Nxe5 13.
Nxe6 Qd6 14. exd5 Ke7 15. Bf4 c6 16. Qe2 Kf6 17. Bxe5+ Ke7 18. Bxd6+ Kxd6 19.
Nxg7 cxd5 20. Qe6+ Kc5 21. Nc3 Kc4 22. Qxd5# 1-0

[Event "21e tournoi 1hKO"]
[Site "Montigny le Bretonneux"]
[Date "2017.05.25"]
[Round "2.1"]
[White "Hogrel, Nicolas"]
[Black "Trevisiol, Thierry"]
[Result "1-0"]
[WhiteElo "2008"]
[BlackElo "1611"]
[Annotator "Rivier,Sylvain"]
[PlyCount "27"]
[EventDate "2017.??.??"]
[WhiteTeam "La Dame Noire"]
[BlackTeam "Maubuee-Gondoire Echecs"]

{Défense française, variante Winaver} 1. e4 e6 2. d4 d5 3. Nc3 Bb4 4. Nge2
Ne7 5. a3 Ba5 6. Ng3 c6 7. Bd3 Nd7 8. O-O Bxc3 9. bxc3 dxe4 10. Nxe4 Qc7 11.
Qf3 Ng6 12. a4 b6 13. Ba3 Bb7 14. Nd6+ 1-0

[Event "21e tournoi 1hKO"]
[Site "Montigny le Bretonneux"]
[Date "2017.05.25"]
[Round "2.2"]
[White "Forissier, Nicolas"]
[Black "Branson, James"]
[Result "1-0"]
[WhiteElo "1985"]
[BlackElo "1564"]
[Annotator "Rivier,Sylvain"]
[PlyCount "41"]
[EventDate "2017.??.??"]
[WhiteTeam "La Dame Noire"]
[BlackTeam "La Dame Noire"]

{Gambit de Budapest, variante principale} 1. d4 Nf6 2. c4 e5 3. dxe5 Ng4 4. Nf3
Bc5 5. e3 Nc6 6. Nc3 O-O 7. Be2 Ngxe5 8. a3 a5 9. O-O Nxf3+ 10. Bxf3 Ne5 11. b3
Nxf3+ 12. Qxf3 Ra6 13. Ne4 Be7 14. Bb2 Rg6 15. Rad1 f5 16. Ng3 d6 17. Qd5+ Kh8
18. Qxa5 f4 19. exf4 Rxf4 20. Rd4 Rxd4 21. Bxd4 {suite illisible} 1-0

[Event "21e tournoi 1hKO"]
[Site "Montigny le Bretonneux"]
[Date "2017.05.25"]
[Round "2.3"]
[White "Charron, Thomas"]
[Black "Tornare, Michel"]
[Result "0-1"]
[WhiteElo "1550"]
[BlackElo "1835"]
[Annotator "Rivier,Sylvain"]
[PlyCount "92"]
[EventDate "2017.??.??"]
[WhiteTeam "Club d'Echecs du Vesinet"]
[BlackTeam "C.S.M. Puteaux Echecs"]

{Défense scandinave} 1. e4 d5 2. exd5 Qxd5 3. Nc3 Qd8 4. d4 Nf6 5. Be3 c6 6.
Nf3 Bg4 7. h3 Bxf3 8. Qxf3 e6 9. Bc4 Bb4 10. a3 Bxc3+ 11. bxc3 Qa5 12. Bd2 Nbd7
13. O-O O-O 14. Bd3 Qd5 15. Qe3 b5 16. Be2 Nb6 17. Bf3 Qd6 18. Be2 Rac8 19. c4
Nxc4 20. Bxc4 bxc4 21. Bb4 Qd5 22. Bxf8 Kxf8 23. Rab1 Nd7 24. Rb7 c5 25. dxc5
Qxb7 26. Rd1 Nf6 27. Qd4 Qd5 28. c3 Qxc5 29. Qd2 Qxa3 30. Qc2 g6 31. Qd2 Nd5
32. Rc1 Rb8 33. Rc2 Rb1+ 34. Kh2 Qd6+ 35. g3 Qc6 36. h4 Nf6 37. Rc1 Rxc1 38.
Qxc1 Qf3 39. Kg1 Ne4 40. Qa3+ Kg7 41. Qb2 Qxc3 42. Qe2 Qd3 43. Qb2+ c3 44. Qc1
Qd2 45. Qf1 Qxf2+ 46. Qxf2 Nxf2 0-1

[Event "21e tournoi 1hKO"]
[Site "Montigny le Bretonneux"]
[Date "2017.05.25"]
[Round "2.4"]
[White "Benbakir, Chouaib"]
[Black "Couradin, Bruno"]
[Result "1/2-1/2"]
[WhiteElo "1809"]
[BlackElo "1550"]
[Annotator "Rivier,Sylvain"]
[PlyCount "92"]
[EventDate "2017.??.??"]
[WhiteTeam "La Dame Noire"]
[BlackTeam "La Dame Noire"]

{Partie italienne} 1. e4 e5 2. Nf3 Nc6 3. Bc4 h6 4. d4 exd4 5. Nxd4 Ne5 6. Bb3
Bc5 7. O-O Nf6 8. Nc3 O-O 9. Na4 Bxd4 10. Qxd4 d6 11. Nc3 Be6 12. Nd5 c5 13.
Nxf6+ gxf6 14. Qc3 Kh7 15. Bxe6 fxe6 16. Qh3 Nf7 17. Qxe6 Qe8 18. Qf5+ Kg7 19.
f3 Qe5 20. Qxe5 fxe5 21. Be3 Rac8 22. c4 Nd8 23. Rfd1 Rc6 24. Rd3 Ne6 25. Kf2
a6 26. Rad1 Nd4 27. Bxd4 cxd4 28. b3 Rfc8 29. f4 b5 30. cxb5 axb5 31. f5 Rc2+
32. R1d2 Rxd2+ 33. Rxd2 Rc3 34. Ke2 h5 35. Kd1 Kf6 36. Rc2 b4 37. Re2 Rc5 38.
Kd2 d5 39. exd5 Rxd5 40. Kd3 Kxf5 41. Rf2+ Ke6 42. Rc2 Kd6 43. Rc4 Rb5 44. Ke4
Rd5 45. Kd3 Rb5 46. Ke4 Rd5 1/2-1/2

[Event "21e tournoi 1hKO"]
[Site "Montigny le Bretonneux"]
[Date "2017.05.25"]
[Round "2.5"]
[White "Delpech, Olivier"]
[Black "Fasquelle, Cedric"]
[Result "1-0"]
[WhiteElo "1660"]
[BlackElo "1517"]
[Annotator "Rivier,Sylvain"]
[PlyCount "65"]
[EventDate "2017.??.??"]
[WhiteTeam "La Dame Noire"]
[BlackTeam "Saint-Quentin en Yvelines"]

{Défense sicilienne} 1. e4 c5 2. Nf3 e6 3. d4 cxd4 4. Nxd4 Nf6 5. Bd3 b6 6.
O-O Bb7 7. Nc3 Be7 8. f3 O-O 9. Be3 d5 10. e5 Nfd7 11. f4 f6 12. Nxe6 Qe8 13.
Nxf8 Nxf8 14. Qg4 Nbd7 15. Nb5 Qd8 16. Bd4 Nc5 17. Rae1 Nxd3 18. cxd3 Ba6 19.
a4 Bc8 20. e6 a6 21. Nc3 Qd6 22. f5 Qb4 23. Nxd5 Qd6 24. Nxe7+ Qxe7 25. Bxb6
Rb8 26. a5 Bb7 27. Rc1 Rc8 28. Rxc8 Bxc8 29. Rc1 Qe8 30. Rc7 Nd7 31. Kf2 g6 32.
exd7 Bxd7 33. Qe4 1-0

[Event "21e tournoi 1hKO"]
[Site "Montigny le Bretonneux"]
[Date "2017.05.25"]
[Round "2.6"]
[White "Rivier, Sylvain"]
[Black "Suinot, Laurent"]
[Result "0-1"]
[WhiteElo "1532"]
[BlackElo "1623"]
[Annotator "Rivier,Sylvain"]
[PlyCount "149"]
[EventDate "2017.??.??"]
[WhiteTeam "La Dame Noire"]
[BlackTeam "Villepreux "]

{Partie espagnole, variante d'échange} 1. e4 e5 2. Nf3 Nc6 3. Bb5 a6 4. Bxc6
dxc6 5. Nxe5 Qd4 6. Ng4 Qxe4+ 7. Ne3 Qg6 8. Qf3 Nf6 9. Nc3 Be6 10. d3 Bb4 11.
Bd2 O-O-O 12. a3 Bc5 13. Ne2 Nd5 14. O-O-O f6 15. Qg3 Qf7 16. Nf4 Bd6 17. Nc4
g5 18. Nxd6+ cxd6 19. Nxe6 Qxe6 20. Rhe1 Qd7 21. Re2 Rde8 22. Rde1 Re5 23. Rxe5
dxe5 24. Re4 c5 25. Be3 Nxe3 26. Qxe3 Qd6 27. Qh3+ Kc7 28. Qf3 h5 29. Qf5 h4
30. h3 Re8 31. Qg6 Qe6 32. Qh5 b5 33. b3 Re7 34. Qe2 Kd6 35. Qd2 f5 36. Re1 Qf6
37. Qa5 Kd7 38. Qc3 Qd6 39. Qd2 f4 40. Qe2 Kc6 41. Qe4+ Kb6 42. Qf5 Qh6 43.
Rxe5 Rxe5 44. Qxe5 g4 45. Kd1 f3 46. Qb8+ Kc6 47. Qc8+ Kb6 48. gxf3 gxh3 49.
Qxh3 Qf4 50. c3 Kc7 51. Kc2 Qf6 52. Qg4 Kd6 53. Kd2 b4 54. axb4 cxb4 55. Qxb4+
Kc6 56. Qc4+ Kb6 57. Qg4 Qh6+ 58. f4 h3 59. Qg1 Qxf4+ 60. Ke2 Qe5+ 61. Kf1 Qxc3
62. f3+ Kb5 63. Qg5+ Kb4 64. Qg4+ Kxb3 65. Qxh3 Qxd3+ 66. Kg2 a5 67. Qe6+ Qc4
68. Qb6+ Qb4 69. Qe3+ Qc3 70. Qb6+ Kc2 71. Qf2+ Kc1 72. Qf1+ Kb2 73. Qe2+ Qc2
74. Kf1 Qxe2+ 75. Kxe2 {suite non notée} 0-1

[Event "21e tournoi 1hKO"]
[Site "Montigny le Bretonneux"]
[Date "2017.05.25"]
[Round "2.7"]
[White "Colette, Thierry"]
[Black "Talvard, Gerard"]
[Result "0-1"]
[WhiteElo "1371"]
[BlackElo "2002"]
[Annotator "Rivier,Sylvain"]
[PlyCount "50"]
[EventDate "2017.??.??"]
[WhiteTeam "La Dame Noire"]
[BlackTeam "Echiquier Grenoblois"]

{Défense sicilienne, variante O'Kelly} 1. e4 c5 2. Nf3 a6 3. Nc3 b5 4. a3 Bb7
5. d3 e6 6. Bf4 Nf6 7. h3 d5 8. exd5 Nxd5 9. Nxd5 Qxd5 10. Be2 Nd7 11. O-O Be7
12. Bh2 O-O 13. Re1 Bf6 14. c4 Qc6 15. Rb1 Rfd8 16. cxb5 axb5 17. Qc1 Qd5 18.
Bf4 Rac8 19. Bg5 Bxg5 20. Qxg5 Qxg5 21. Nxg5 Ne5 22. Rbd1 Bd5 23. Nf3 Nxf3+ 24.
Bxf3 Bxf3 25. gxf3 Rd5 {suite illisible} 0-1

[Event "21e tournoi 1hKO"]
[Site "Montigny le Bretonneux"]
[Date "2017.05.25"]
[Round "2.8"]
[White "Couradin, Jean-Marie"]
[Black "Privat, Jean-Claude"]
[Result "1-0"]
[WhiteElo "1624"]
[BlackElo "1633"]
[Annotator "Rivier,Sylvain"]
[PlyCount "61"]
[EventDate "2017.??.??"]
[WhiteTeam "La Dame Noire"]
[BlackTeam "La Dame Noire"]

{Début Ponziani} 1. e4 e5 2. Nf3 Nc6 3. c3 Be7 4. d4 exd4 5. cxd4 d5 6. e5
Bb4+ 7. Nc3 Nge7 8. h3 h6 9. Bd3 Be6 10. O-O g5 11. g4 Qd7 12. Be3 O-O-O 13. a3
Bxc3 14. bxc3 Ng6 15. Rb1 Bxg4 16. hxg4 Qxg4+ 17. Kh1 Qh3+ 18. Nh2 Nh4 19. Qg4+
Qxg4 20. Nxg4 Nf3 21. Kg2 Nh4+ 22. Kg3 Ne7 23. Ba6 Nef5+ 24. Kh3 h5 25. Bxg5
hxg4+ 26. Kxg4 Rdg8 27. Bxb7+ Kd7 28. Bxd5 Rg7 29. Rfe1 Ne7 30. Bxf7 Rxf7 31.
e6+ 1-0